000 00253nam a2200109Ia 4500
008 230312s9999||||xx |||||||||||||| ||und||
082 _a759.951
_bSTE-V
100 _aStephenson:david
245 0 _aVision of heaven
650 _aArchitecture
942 _cBK
999 _c14535
_d14535